Holiday Quiz

Random Holiday or Justice Quiz

Sporcle-Man and Bonus Boy Quiz Stats

 Plays Quiz Updated Oct 31, 2014

Challenge
Share
Tweet
Score 0/14 Timer 12:00
1 Play Today
% Correct
???
100%
???
91.1%
???
75.4%
???
68.6%
???
68.2%
???
66.3%
???
64.5%
% Correct
???
59.9%
???
47.7%
???
46.9%
???
42.3%
???
33%
???
23%
???
20.4%

You're not logged in!

Compare scores with friends on all Sporcle quizzes.
Join for Free
OR
Log In

You Might Also Like...

Show Comments

Extras

Top Quizzes Today


Score Distribution

Your Account Isn't Verified!

In order to create a playlist on Sporcle, you need to verify the email address you used during registration. Go to your Sporcle Settings to finish the process.

Report this User

Report this user for behavior that violates our Community Guidelines.

Details: